How We Spend Our Money Quiz Stats

 Plays Quiz not verified by Sporcle

Support Sporcle.
Go Orange.
Score 0/28 Timer 07:00
0 Plays Today
% Correct
Housing
52%
Retirements|Life Insurance
10.9%
Food made at home
10.9%
Car Purchases|Payments
9.1%
Reading
9.1%
Health Care
8%
Car Expenses
6.9%
Food at Restaurants
6.9%
Household Appliances, Furniture, and Furnishings
6.9%
Tobacco|Smoking Products
6.9%
Postage and Stationary
6.3%
Gifts
5.7%
Clothing
4.6%
Car Insurance
4.6%
% Correct
Personal Care
4.6%
Public Transportation
4.6%
Laundry and Cleaning Supplies
4.6%
Car Fuel
4%
Charitable Giving
4%
Water
4%
Alcohol
4%
Entertainment
3.4%
Electricity
3.4%
Home Fuel
3.4%
Education
2.9%
Licenses and Rentals
2.9%
Phone Service
2.3%
Housing Maintenance
1.1%

You're not logged in!

Compare scores with friends on all Sporcle quizzes.
OR
Log In

From the Vault

Find the Mammals

by Rackie

Considering that you yourself are a mammal, this quiz should be easy.
Remove Ads.
Support Sporcle.
Get the best of Sporcle when you Go Orange. This ad-free experience offers more features, more stats, and more fun while also helping to support Sporcle. Thank you for becoming a member.

Show Comments

Extras

Top Quizzes Today


Score Distribution

Your Account Isn't Verified!

In order to create a playlist on Sporcle, you need to verify the email address you used during registration. Go to your Sporcle Settings to finish the process.

Report this User

Report this user for behavior that violates our Community Guidelines.

Details: